Statistics for Dude Perfect OT: All Wheel Unfortunate Spinners

Click here to take the quiz!

General Stats

  • This quiz has been taken 24 times
    (11 since last reset)
  • The average score is 35 of 36

Answer Stats

EpisodeConsequenceSpinner% Correct
2124 hours in a dinerChris Tingle (Garrett)
100%
12Drive your car until it runs out of gasCoby
100%
26Fatsuit in a battle videoCoby
100%
22Tow your own carCoby
100%
8Get French ToastedCoby
100%
9Sit in a box filled with snakesCoby
100%
19Stink bait wadersCoby
100%
16Shave your headCoby
100%
1Level 10 spray tanCody
100%
29Swim as a mermanCody
100%
43Open Mic ComedyCody
100%
4Fly to Wisconsin for no reasonCory
100%
15Eat dog food Like cerealCory
100%
3Eat a whole bananaCory
100%
27Good Knight SleepCory
100%
18Sleep in a sandy bedCory
100%
14Wax your armpitsCory
100%
2Car wash on the outsideCory
100%
7Shave your eyebrowsCory
100%
25Get bracesGarrett
100%
20Own a catGarrett
100%
5Run a mile as a mascotGarrett
100%
17Spend a day as Gene Simmons (KISS)Garrett
100%
11Stand in Theme Park lines but don't ride anythingGarrett
100%
24Nearly naked and afraidTyler
100%
10Milk a cow Into your mouthTyler
100%
36Toenail SandwichCoby
91%
38Post your Phone NumberCoby
91%
40Wear a blindfold during the football (soccer) matchCody
91%
30Ketchup popsicle + deep fried cricketCory
91%
33Touch every seat in the stadiumCory
91%
35Get full body castedGarrett
91%
393 Rounds with NedGarrett
91%
42Calendar Photo ShootGarrett
91%
34Get skunkedTyler
91%
13Go on a cardboard cutout dateWill
64%

Score Distribution

Percentile by Number Answered

Percent of People with Each Score

Your Score History

You have not taken this quiz since the last reset